| 000 | 00326cam a22001097a 4500 | ||
|---|---|---|---|
| 008 | 180718b1962 xxu||||| |||| 00| 0 eng d | ||
| 082 | _aA75 B489BH | ||
| 245 |
_aBihar district gazetteers: Bhagalpur _cby P.C. Roy Chaudhary |
||
| 260 |
_aPatna _bBihar District Gazetteers _c1962 |
||
| 300 | _a731+p. | ||
| 700 | _aRoy Chaudhury, P.C. | ||
| 999 |
_c487371 _d487371 |
||